| 000 | 00568nam a2200193Ia 4500 | ||
|---|---|---|---|
| 003 | IN-BaIIA | ||
| 008 | 211028s9999 xx 000 0 eng d | ||
| 040 | _cIIA Library | ||
| 080 |
_a539 _bBOR |
||
| 100 |
_aBorn, Max _91579 |
||
| 245 | 4 |
_aThe constitution of matter _bmodern atomic and electron theories _cMax Born |
|
| 260 |
_aLondon _bMethuen _c1923 |
||
| 300 | _avii, 80p. | ||
| 650 |
_aAtomic physics _91547 |
||
| 650 |
_aConstitution _91908 |
||
| 650 |
_aElectrons _91909 |
||
| 650 | _aNASA Thesaurus | ||
| 942 | _cBK | ||
| 999 |
_c892 _d892 |
||